| Record ID | ia:modernsciencehis00rays |
| Source | Internet Archive |
| Download MARC XML | https://archive.org/download/modernsciencehis00rays/modernsciencehis00rays_marc.xml |
| Download MARC binary | https://www.archive.org/download/modernsciencehis00rays/modernsciencehis00rays_meta.mrc |
LEADER: 02846cam 22005894a 4500
001 ocm54415579
003 OCoLC
005 20160209174736.0
008 031017s2004 nyua j b 001 0 eng
010 $a 2003022974
040 $aDLC$beng$cDLC$dOCL$dBAKER$dBTCTA$dBUR$dYDXCP$dIG#$dAU@$dOCLCQ$dBDX$dOCLCF$dOCLCQ$dOCLCO
015 $aGBA624495$2bnb
019 $a224038528
020 $a0816048541
020 $a9780816048540
035 $a(OCoLC)54415579$z(OCoLC)224038528
042 $apcc$alcac
050 00 $aQ126.4$b.S64 2004
082 00 $a509/.04$222
100 1 $aSpangenburg, Ray,$d1939-
245 10 $aModern science, 1896-1945 /$cRay Spangenburg & Diane Kit Moser.
250 $aRev. ed.
260 $aNew York :$bFacts On File,$c℗♭2004.
300 $axviii, 206 pages :$billustrations ;$c24 cm.
336 $atext$btxt$2rdacontent
337 $aunmediated$bn$2rdamedia
338 $avolume$bnc$2rdacarrier
490 1 $aHistory of science
500 $aRevised edition of: History of science from 1895 to 1945. c1994.
520 $aDiscusses major scientists and scientific issues and discoveries of the first half of the twentieth century.
504 $aIncludes bibliographical references and index.
505 0 $apt. 1: The physical sciences, 1896-1945. The new atom : from X-rays to the nucleus ; The new universe, part one : Einstein and relativity ; The new universe, part two : the quantum surprise ; New observations of the universe ; The atom split asunder : science and the bomb -- pt. 2: The life sciences, 1896-1945. The growth of microbiology and chemistry ; Pursuing the trails of genetics and heredity ; In search of ancient humans -- pt. 3: Science and society, 1896-1945. Medicine and the machine mongers ; A growing resource : women in science.
650 0 $aScience$xHistory$vJuvenile literature.
650 0 $aLife sciences$xHistory$vJuvenile literature.
650 1 $aScience$xHistory.
650 7 $aLife sciences.$2fast$0(OCoLC)fst00998323
650 7 $aScience.$2fast$0(OCoLC)fst01108176
655 7 $aHistory.$2fast$0(OCoLC)fst01411628
655 7 $aJuvenile works.$2fast$0(OCoLC)fst01411637
700 1 $aMoser, Diane,$d1944-
700 1 $aSpangenburg, Ray,$d1939-$tHistory of science from 1895 to 1945.
800 1 $aSpangenburg, Ray,$d1939-$tHistory of science.
856 41 $3Table of contents$uhttp://catdir.loc.gov/catdir/toc/ecip0414/2003022974.html
938 $aBaker & Taylor$bBKTY$c40.00$d40.00$i0816048541$n0004382887$sactive
938 $aBrodart$bBROD$n01816713$c$40.00
938 $aBaker and Taylor$bBTCP$nBK0006725946
938 $aIngram$bINGR$n9780816048540
938 $aYBP Library Services$bYANK$n2867239
029 1 $aAU@$b000025313217
029 1 $aIG#$b9780816048540
994 $aZ0$bPMR
948 $hNO HOLDINGS IN PMR - 166 OTHER HOLDINGS